Estadísticas para Países que Perderán más Población para 2070

Haz click aquí para intentar la prueba.

Estadísticas generales

  • Esta prueba ha sido intentada 43 veces
  • La puntuación promedio es 13 de 20

Estadísticas de respuestas

Pérdida%País% Correcto
336 m23%China
100%
34.2 m28%Japón
98%
9.52 m20%España
95%
9.38 m11%Alemania
88%
22.0 m15%Rusia
88%
14.5 m25%Italia
83%
11.0 m27%Polonia
76%
9.86 m27%Ucrania
76%
15.7 m30%Corea del Sur
73%
2.50 m24%Grecia
68%
4.45 m22%Rumania
66%
2.14 m21%Portugal
63%
2.59 m38%Bulgaria
61%
2.21 m22%Hungría
56%
2.50 m35%Serbia
46%
13.1 m18%Tailandia
46%
2.29 m9%Corea del Norte
44%
4.53 m19%Taiwán
41%
2.70 m24%Cuba
32%
2.09 m10%Sri Lanka
2%

Distribución de puntuación

Porcentaje por número respondido

Porcentaje de gente con cada puntuación

Historial de tus puntuaciones

No has intentado esta prueba.